000 00797nam a2200253Ia 4500
003 OSt
005 20220925204904.0
006 a|||||r|||| 00| 0
007 ta
008 220923b |||||||| |||| 00| 0 eng d
037 _cGeneral Book
040 _aRTL
_cRTL
_beng
041 _2eng
_aeng
082 _aY:3(Q), L9
100 _aVrijhof Pieter Hendrik Ed.
_9269208
245 0 _aOfficial and popular religion
_b Analysis of a theme for religious studies
260 _aHague
_bMouton
_c1979
300 _axiv,739p
_ccm.
490 _aReligion and Society.19
500 _aBibliography chapterwise
700 _a Waardenburg Jacques Ed.
_974819
942 _hY:3(Q), L9
_cGB
_2CC
999 _c550686
_d550686